| 000 | 00424nam a2200157Ia 4500 | ||
|---|---|---|---|
| 008 | 151021s9999 xx 000 0 und d | ||
| 020 | _a9.7800731256e+012 | ||
| 050 | _aPN 1655.W57 2005 | ||
| 245 | _a_The theater experience | ||
| 260 | _aNewYork McGraw-Hill 2005 | ||
| 300 | _axxiii,421p;ill. | ||
| 500 | _aIncludes index | ||
| 500 | _aIncludes index | ||
| 650 | _a_theater | ||
| 980 | _a^d20130608 12:12:55^oanne | ||
| 999 |
_c13892 _d13892 |
||